00736nam a2200205Ia 4500003000900000008004100009040001600050080001700066100002500083245010900108260003900217300002300256490004000279650004100319650001900360650001100379942000700390999001500397952011800412IN-BaIIA211028s9999 xx 000 0 eng d cIIA Library a535.8bCON-2 aConrady, A. E.93734 0aApplied optics and optional designbpt. 2c A. E. Conrady  aNew YorkbDover Publicationsc1960 a[various pagings.] aDover books on physics, engineering aAstronomy and astrophysics thesaurus aOptical design aOptics cBK c1970d1970 00104070aBANbBANcGENd0000-00-00g13.27l0o535.8/ CON-2p2214r2021-11-05v13.27w0000-00-00yBKGRs. 13.27